000 00721namaa22001931 4500
001 178952
003 ES-MaACL
005 20230906220629.0
008 110811s1914 fr |||| | fre d
100 1 _aLanessan, Jean-Louis de.
_9182990
245 1 0 _aTransformisme et créationisme
_b: contribution à l'histoire du transformisme depuis l'antiquité jusqu'á nos jours /
_cpar J. L. de Lanessan.
260 _aParis :
_bFélix Alcan,
_c1914.
300 _a2 h., 352 p. ;
_c22 cm.
490 1 _aBibliothéque scientifique internationale ;
_v119
650 4 _aCreacionismo.
_9147591
830 0 _aBibliothéque scientifique internationale ;
_v119
_9186949
852 _aES-MaACL
_jF-14447
999 _c178952
_d178952